[Event "IX Floripa Chess Open Fort Atacadista"]
[Site "Florianópolis - Santa Catari"]
[Date "2023.01.26"]
[Round "6.159"]
[White "De Brito, Gabrielly Rodrigues"]
[Black "Sarda, Pedro Sada"]
[Result "1/2-1/2"]
[WhiteElo "1415"]
[BlackElo "1755"]
[PlyCount "79"]
[EventDate "2023.01.23"]
[EventRounds "10"]
[EventCountry "BRA"]

1. Nf3 Nf6 2. b3 c5 3. Bb2 b6 4. e3 Bb7 5. Be2 e6 6. O-O Be7 7. c4 O-O 8. d4 d5
9. Nbd2 Nbd7 10. Rc1 Rc8 11. cxd5 Nxd5 12. Nc4 N7f6 13. Nce5 cxd4 14. Bxd4 Rxc1
15. Qxc1 Qa8 16. Qb2 Rc8 17. Rc1 Nb4 18. a3 Nc6 19. Nxc6 Rxc6 20. Rxc6 Bxc6 21.
Ne1 Qf8 22. b4 Nd5 23. Bf3 Bd6 24. g3 f6 25. Qb3 Qf7 26. Bg2 Qd7 27. Nd3 Ne7
28. Bxc6 Nxc6 29. Bb2 Kf8 30. h4 Ke7 31. Qc2 Nd8 32. Ne1 g6 33. h5 Qc7 34. Qd3
f5 35. hxg6 hxg6 36. Qd4 e5 37. Qh4+ Kf7 38. Qh7+ Kf8 39. Qh8+ Kf7 40. Qh7+
1/2-1/2

[Event "IX Floripa Chess Open Fort Atacadista"]
[Site "Florianópolis - Santa Catari"]
[Date "2023.01.26"]
[Round "6.160"]
[White "Silvestre, Gilmar Severino"]
[Black "Pavao, Alice Lara Biasi"]
[Result "1/2-1/2"]
[WhiteElo "1749"]
[BlackElo "1401"]
[PlyCount "114"]
[EventDate "2023.01.23"]
[EventRounds "10"]
[EventCountry "BRA"]

1. d4 d5 2. Nf3 e6 3. e3 Be7 4. Bd3 Nf6 5. O-O O-O 6. Nbd2 b6 7. Qe2 Bb7 8. c3
Nbd7 9. Re1 c5 10. b3 Ne4 11. Bb2 a6 12. c4 Nxd2 13. Nxd2 dxc4 14. bxc4 Qc7 15.
Be4 Bxe4 16. Nxe4 Nf6 17. Ng3 Rac8 18. Rec1 Rfd8 19. Qf3 Qc6 20. Qxc6 Rxc6 21.
a4 cxd4 22. Bxd4 Rdc8 23. Rcb1 h6 24. Rxb6 Rxb6 25. Bxb6 Rxc4 26. h3 Nd5 27. a5
Rb4 28. Bd4 Rb5 29. Ne4 Bb4 30. Rc1 Rxa5 31. g4 Be7 32. Rc8+ Kh7 33. Nc3 Bf6
34. Bxf6 Nxf6 35. e4 Ra1+ 36. Kg2 Rc1 37. Kf3 a5 38. Rc5 Nd7 39. Rc7 a4 40.
Rxd7 Rxc3+ 41. Ke2 Kg6 42. h4 a3 43. Ra7 Rc2+ 44. Kf3 a2 45. Ra4 Kf6 46. e5+
Kg6 47. Ke3 h5 48. f3 Rh2 49. Kf4 Rxh4 50. Rxa2 hxg4 51. fxg4 f5 52. exf6 gxf6
53. Kg3 Rh1 54. Rf2 Ra1 55. Re2 e5 56. Rf2 Ra3+ 57. Kg2 Kg5 1/2-1/2

[Event "IX Floripa Chess Open Fort Atacadista"]
[Site "Florianópolis - Santa Catari"]
[Date "2023.01.26"]
[Round "6.191"]
[White "De Souza, Lucio Teixeira"]
[Black "Moreira, Paulo Vinicius Mace"]
[Result "0-1"]
[WhiteElo "1568"]
[BlackElo "1800"]
[PlyCount "52"]
[EventDate "2023.01.23"]
[EventRounds "10"]
[EventCountry "BRA"]

1. c4 c6 2. Nf3 d5 3. e3 Nf6 4. b3 Bg4 5. Bb2 Nbd7 6. Be2 e6 7. O-O Bd6 8. h3
h5 9. d3 Qc7 10. Nbd2 O-O-O 11. a4 Ne5 12. Bxe5 Bxe5 13. d4 Bxf3 14. Nxf3 Bd6
15. c5 Bf8 16. b4 Ne4 17. b5 Nc3 18. Qd3 Nxe2+ 19. Qxe2 f6 20. Rfb1 g5 21. bxc6
Qxc6 22. Qb5 g4 23. Qxc6+ bxc6 24. hxg4 hxg4 25. Nd2 Rd7 26. Rb2 Rdh7 0-1

[Event "IX Floripa Chess Open Fort Atacadista"]
[Site "Florianópolis - Santa Catari"]
[Date "2023.01.26"]
[Round "6.192"]
[White "Butzke, Lucas De Castro"]
[Black "Nunes, Lilia"]
[Result "1-0"]
[WhiteElo "1564"]
[BlackElo "1800"]
[PlyCount "51"]
[EventDate "2023.01.23"]
[EventRounds "10"]
[EventCountry "BRA"]

1. e4 e5 2. Nf3 Nc6 3. Bc4 Nf6 4. d3 Be7 5. c3 d6 6. O-O O-O 7. Re1 Be6 8. Bb5
Rb8 9. Nbd2 a6 10. Ba4 b5 11. Bc2 Na5 12. d4 Bg4 13. h3 Bh5 14. Nf1 Nd7 15. Ng3
Bg6 16. a4 Nc4 17. Nf5 Re8 18. Nxe7+ Qxe7 19. a5 d5 20. exd5 f6 21. dxe5 Bxc2
22. Qxc2 Ncxe5 23. Nxe5 Nxe5 24. Bf4 Qc5 25. Rad1 Rbd8 26. Qf5 1-0

[Event "IX Floripa Chess Open Fort Atacadista"]
[Site "Florianópolis - Santa Catari"]
[Date "2023.01.26"]
[Round "6.193"]
[White "Roeder, Larissa Taina"]
[Black "De Oliveira, Gualter Amelio"]
[Result "0-1"]
[WhiteElo "1209"]
[BlackElo "1563"]
[PlyCount "116"]
[EventDate "2023.01.23"]
[EventRounds "10"]
[EventCountry "BRA"]

1. e4 e5 2. Nf3 Nc6 3. Bc4 g6 4. c3 Bg7 5. d3 Nge7 6. O-O d6 7. Nbd2 a6 8. b4
O-O 9. Re1 d5 10. Bb3 Be6 11. exd5 Nxd5 12. Bb2 Nf4 13. Bxe6 fxe6 14. Re4 Nxd3
15. Ba3 Rf4 16. Re3 Qd7 17. Qe2 Rd8 18. h3 Rf7 19. Ne4 Nf4 20. Qd2 Qxd2 21.
Nfxd2 Bh6 22. Rf3 Ne2+ 23. Kf1 Bxd2 24. Kxe2 Rxf3 25. Kxf3 Bh6 26. Bc1 Bxc1 27.
Rxc1 b6 28. Rc2 h6 29. a4 Ne7 30. Nf6+ Kf7 31. Ng4 Nc6 32. b5 h5 33. Ne3 axb5
34. axb5 Na5 35. Ke4 Kf6 36. g4 Nb3 37. Nc4 Nc5+ 38. Ke3 Rd3+ 39. Ke2 Rxh3 40.
gxh5 gxh5 41. Rc1 Ne4 42. Ne3 Rh2 43. Nd1 h4 44. Kf3 Nd2+ 45. Ke2 Nc4 46. Ne3
Nxe3 47. Kxe3 Rg2 48. Kf3 Rg5 49. c4 h3 50. Rh1 Rh5 51. Kg4 Rh8 52. Rxh3 Rxh3
53. Kxh3 Kf5 54. Kg3 e4 55. f4 exf3 56. Kxf3 e5 57. Ke3 e4 58. Ke2 Kf4 0-1

[Event "IX Floripa Chess Open Fort Atacadista"]
[Site "Florianópolis - Santa Catari"]
[Date "2023.01.26"]
[Round "6.195"]
[White "Toffoli, Vanessa"]
[Black "Carmo, Jose Arlindo"]
[Result "1/2-1/2"]
[WhiteElo "1202"]
[BlackElo "1562"]
[PlyCount "95"]
[EventDate "2023.01.23"]
[EventRounds "10"]
[EventCountry "BRA"]

1. e4 c5 2. Nf3 d6 3. Bb5+ Nd7 4. O-O a6 5. Bxd7+ Bxd7 6. Qe2 e6 7. Rd1 Nf6 8.
c3 Bc6 9. e5 Nd5 10. d4 b5 11. b3 Qc7 12. c4 Nb6 13. Bf4 Be7 14. d5 Nxd5 15.
cxd5 Bxd5 16. Nc3 Bxf3 17. Qxf3 d5 18. Ne2 O-O 19. Qg3 Rfd8 20. Bg5 Rd7 21.
Bxe7 Rxe7 22. Rac1 Rd7 23. Qe3 Rc8 24. Rc2 c4 25. bxc4 bxc4 26. Nd4 Qb7 27. f4
Rdc7 28. f5 Qb6 29. f6 h6 30. Qg3 g6 31. Qh4 Kh7 32. Kf1 c3 33. Rdc1 Rc4 34.
Rd1 a5 35. Ne2 Qb5 36. Kg1 d4 37. Rxd4 Rxd4 38. Qxd4 Qb1+ 39. Rc1 Qxa2 40. Qd7
Rf8 41. Nxc3 Qb2 42. Rd1 Qxc3 43. Qe7 Qc8 44. Rd7 Qc1+ 45. Kf2 Qf4+ 46. Kg1
Qe3+ 47. Kf1 Qf4+ 48. Kg1 1/2-1/2

[Event "IX Floripa Chess Open Fort Atacadista"]
[Site "Florianópolis - Santa Catari"]
[Date "2023.01.26"]
[Round "6.196"]
[White "Ramos, Rafael Cabreira"]
[Black "Usui, Gabriella Yumi"]
[Result "1-0"]
[WhiteElo "1161"]
[BlackElo "1550"]
[PlyCount "61"]
[EventDate "2023.01.23"]
[EventRounds "10"]
[EventCountry "BRA"]

1. e4 c5 2. Nf3 Nc6 3. d4 cxd4 4. Nxd4 Nf6 5. Nc3 e5 6. Nf3 Bb4 7. Bd3 d5 8.
exd5 Nxd5 9. Bd2 Bxc3 10. Bxc3 Nxc3 11. bxc3 Qa5 12. Qd2 O-O 13. O-O Rd8 14.
Qe3 f6 15. Rfd1 Be6 16. Nd4 Bd5 17. Nxc6 Bxc6 18. Qh3 e4 19. Qe6+ Kh8 20. Bxe4
Bxe4 21. Qxe4 Qxc3 22. Rxd8+ Rxd8 23. Re1 g6 24. g3 b6 25. h4 a5 26. Qe7 Qd4
27. Qf7 Qd5 28. Qxf6+ Kg8 29. Re7 Qd1+ 30. Kh2 Qd4 31. Qf7+ 1-0

[Event "IX Floripa Chess Open Fort Atacadista"]
[Site "Florianópolis - Santa Catari"]
[Date "2023.01.26"]
[Round "6.197"]
[White "Silva, Allan De Souza"]
[Black "Romais, Rodrigo"]
[Result "0-1"]
[WhiteElo "1813"]
[BlackElo "1548"]
[PlyCount "70"]
[EventDate "2023.01.23"]
[EventRounds "10"]
[EventCountry "BRA"]

1. e4 e6 2. d4 d5 3. e5 c5 4. c3 Nc6 5. Nf3 Qb6 6. Be2 cxd4 7. cxd4 Nge7 8. Qb3
Nxd4 9. Qxb6 Nxf3+ 10. gxf3 axb6 11. Be3 Nc6 12. Bxb6 Nxe5 13. Bd4 Nc6 14. Bb5
Bd7 15. Be3 Nb4 16. Bxd7+ Kxd7 17. O-O Nc2 18. Nd2 Nxa1 19. Rxa1 Bd6 20. Nb3
Rhc8 21. Nd4 f6 22. f4 e5 23. Nf5 Rc2 24. Nxd6 Kxd6 25. Kg2 Rxb2 26. Rc1 d4 27.
fxe5+ fxe5 28. Bg5 h6 29. Bh4 g5 30. Bg3 h5 31. Re1 Ra5 32. h4 g4 33. Rd1 Kd5
34. Re1 e4 35. Rc1 Rc5 0-1

[Event "IX Floripa Chess Open Fort Atacadista"]
[Site "Florianópolis - Santa Catari"]
[Date "2023.01.26"]
[Round "6.199"]
[White "Mayeregger Gonzalez, Renata"]
[Black "Chagas, Gefster"]
[Result "1-0"]
[WhiteElo "1543"]
[BlackElo "1752"]
[PlyCount "83"]
[EventDate "2023.01.23"]
[EventRounds "10"]
[EventCountry "BRA"]

1. e4 e6 2. d4 d6 3. g3 f5 4. Nc3 Nf6 5. Bg2 Be7 6. Nge2 Nbd7 7. Nf4 Nb6 8.
exf5 exf5 9. O-O O-O 10. Re1 d5 11. Qe2 Re8 12. Ne6 Bxe6 13. Qxe6+ Kh8 14. Qxf5
c5 15. dxc5 Bxc5 16. Rxe8+ Qxe8 17. Bg5 Qf7 18. Re1 Rf8 19. Bxf6 gxf6 20. Nxd5
Nxd5 21. Bxd5 Qc7 22. Re4 a5 23. Rh4 Qe7 24. Be4 Rf7 25. Rh5 Bd6 26. Qc8+ Qf8
27. Qxf8+ Bxf8 28. Rxa5 Rc7 29. Ra7 f5 30. Rxb7 Rc5 31. Bd3 Re5 32. Rf7 Bc5 33.
Rxf5 Re1+ 34. Kg2 Bb6 35. a4 Ra1 36. Bb5 Rc1 37. c4 Rc2 38. b4 Kg7 39. c5 Bd8
40. Bd3 Rc3 41. Rd5 Bf6 42. b5 1-0

[Event "IX Floripa Chess Open Fort Atacadista"]
[Site "Florianópolis - Santa Catari"]
[Date "2023.01.26"]
[Round "6.200"]
[White "Gomes, Carlos"]
[Black "Silva, Diego Augusto De S."]
[Result "1/2-1/2"]
[WhiteElo "1537"]
[BlackElo "1715"]
[PlyCount "40"]
[EventDate "2023.01.23"]
[EventRounds "10"]
[EventCountry "BRA"]

1. e4 e6 2. Qe2 Be7 3. Nf3 d5 4. d3 Nf6 5. g3 O-O 6. Bg2 c5 7. O-O Nc6 8. Bg5
Re8 9. Re1 h6 10. Bxf6 Bxf6 11. c3 dxe4 12. dxe4 e5 13. Rd1 Qb6 14. h3 Be6 15.
b3 Rad8 16. Nbd2 Re7 17. Nf1 Red7 18. Rxd7 Rxd7 19. Rd1 Rxd1 20. Qxd1 Qd8
1/2-1/2

[Event "IX Floripa Chess Open Fort Atacadista"]
[Site "Florianópolis - Santa Catari"]
[Date "2023.01.26"]
[Round "6.201"]
[White "Kikuchi, Alexandre Hideki Lo"]
[Black "Oliveira, Sara Beatris Silva"]
[Result "1-0"]
[WhiteElo "1800"]
[BlackElo "1535"]
[PlyCount "92"]
[EventDate "2023.01.23"]
[EventRounds "10"]
[EventCountry "BRA"]

1. d4 Nf6 2. Bf4 g6 3. Nf3 Bg7 4. e3 O-O 5. Nbd2 d6 6. h3 Nbd7 7. Be2 e5 8.
dxe5 dxe5 9. Nxe5 Nxe5 10. Bxe5 Qd5 11. Nf3 Qc6 12. O-O Bf5 13. Nd4 Qb6 14.
Nxf5 gxf5 15. Bd3 Rfe8 16. Bc3 Rad8 17. Qf3 Rd5 18. Bxf6 Rxd3 19. cxd3 Bxf6 20.
d4 Bg7 21. Qxf5 Re6 22. Rac1 Bf8 23. Rc2 Bd6 24. Rfc1 Kg7 25. b3 Rf6 26. Qd3
Qa5 27. e4 Rg6 28. e5 Qd5 29. f4 Ba3 30. Rf1 c5 31. Rd2 cxd4 32. Rf3 Kf8 33.
Rg3 Rh6 34. Kh2 Bc5 35. Rc2 a5 36. Qf5 b6 37. Qc8+ Ke7 38. Rg8 Rxh3+ 39. gxh3
Qd7 40. Qxd7+ Kxd7 41. Rg7 Ke6 42. Rxh7 Ke7 43. f5 Kf8 44. f6 Ke8 45. h4 d3 46.
Rd2 Be3 1-0

[Event "IX Floripa Chess Open Fort Atacadista"]
[Site "Florianópolis - Santa Catari"]
[Date "2023.01.26"]
[Round "6.203"]
[White "Souza, Vitor Gabriel Batis"]
[Black "Monici, Arthur Brecht De Fr"]
[Result "1-0"]
[WhiteElo "1800"]
[BlackElo "1511"]
[PlyCount "65"]
[EventDate "2023.01.23"]
[EventRounds "10"]
[EventCountry "BRA"]

1. c4 c6 2. Nf3 d5 3. g3 Nf6 4. b3 Qb6 5. Bg2 dxc4 6. bxc4 e5 7. Nc3 Nbd7 8.
O-O Bb4 9. Bb2 O-O 10. Rb1 Qa5 11. Qc2 Re8 12. d3 Nb6 13. Nd2 Bxc3 14. Bxc3 Qa4
15. Qb2 Nfd7 16. f4 Qa6 17. Bxe5 f6 18. Bd4 Na4 19. Qa3 c5 20. Bf2 Rxe2 21. Ne4
f5 22. Bf3 fxe4 23. Bxe2 Qc6 24. dxe4 Qxe4 25. Bf3 Qxc4 26. Rfc1 Qa6 27. Qb3+
Kf8 28. Re1 c4 29. Qe3 Nf6 30. Qe7+ Kg8 31. Bd5+ Kh8 32. Qf8+ Ng8 33. Qxg8# 1-0

[Event "IX Floripa Chess Open Fort Atacadista"]
[Site "Florianópolis - Santa Catari"]
[Date "2023.01.26"]
[Round "6.206"]
[White "De Almeida, Leticia Moraes"]
[Black "Pereira, Francisco Neris"]
[Result "0-1"]
[WhiteElo "1731"]
[BlackElo "1482"]
[PlyCount "78"]
[EventDate "2023.01.23"]
[EventRounds "10"]
[EventCountry "BRA"]

1. e4 c5 2. Nf3 d6 3. d4 cxd4 4. Nxd4 Nf6 5. Nc3 a6 6. Bc4 e6 7. Be3 Be7 8. O-O
O-O 9. Re1 b5 10. Bd3 Bb7 11. Nf3 Nbd7 12. Qd2 b4 13. Ne2 a5 14. c3 d5 15. exd5
Nxd5 16. Bd4 Qc7 17. Qc2 N5f6 18. Ng5 g6 19. Nh3 e5 20. Be3 Ng4 21. Qd2 e4 22.
Bc2 Qxh2+ 23. Kf1 Nxe3+ 24. Qxe3 Bc5 25. Qg3 Qxg3 26. Nxg3 Nf6 27. Nxe4 Nxe4
28. Bxe4 Rab8 29. cxb4 Bxb4 30. Re2 Ba6 31. Nf4 Bxe2+ 32. Kxe2 Rfe8 33. Kf3 Bd6
34. Nd5 Be5 35. Nc3 Rxb2 36. Rc1 Rc8 37. Ne2 Rxc1 38. Nxc1 Bd4 39. Nb3 Bb6 0-1

[Event "IX Floripa Chess Open Fort Atacadista"]
[Site "Florianópolis - Santa Catari"]
[Date "2023.01.26"]
[Round "6.211"]
[White "Duailibi, Ricardo Miguel"]
[Black "Calsing, Enzo Guedes"]
[Result "1-0"]
[WhiteElo "1885"]
[BlackElo "1316"]
[PlyCount "43"]
[EventDate "2023.01.23"]
[EventRounds "10"]
[EventCountry "BRA"]

1. e4 e5 2. Nf3 Nc6 3. Bc4 Bc5 4. c3 Nf6 5. d4 exd4 6. cxd4 Bb4+ 7. Nc3 d6 8.
d5 Ne7 9. Qa4+ Bd7 10. Qxb4 a5 11. Qb3 a4 12. Qc2 O-O 13. O-O Ng6 14. Re1 Re8
15. Bb5 Bxb5 16. Nxb5 Re7 17. Bg5 Qd7 18. Bxf6 gxf6 19. Nbd4 Qg4 20. Nf5 Qh5
21. Nxe7+ Nxe7 22. Qxc7 1-0

[Event "IX Floripa Chess Open Fort Atacadista"]
[Site "Florianópolis - Santa Catari"]
[Date "2023.01.26"]
[Round "6.212"]
[White "Presa, Luis Alberto Passos"]
[Black "Vaz, Vania Dora Madona"]
[Result "1/2-1/2"]
[WhiteElo "1733"]
[BlackElo "1267"]
[PlyCount "48"]
[EventDate "2023.01.23"]
[EventRounds "10"]
[EventCountry "BRA"]

1. d4 d5 2. Nf3 e6 3. e3 Nf6 4. c4 Be7 5. Bd3 Nbd7 6. Nc3 O-O 7. O-O c5 8. Qc2
Re8 9. b3 Nf8 10. a3 b6 11. Bb2 Bb7 12. e4 dxc4 13. bxc4 cxd4 14. Ne2 Ng4 15.
h3 Nf6 16. Bxd4 Rc8 17. Nc3 a6 18. Rab1 N8d7 19. e5 Bxf3 20. exf6 Bxf6 21. Bxf6
Qxf6 22. gxf3 Qg5+ 23. Kh2 Qf4+ 24. Kg2 Qg5+ 1/2-1/2

[Event "IX Floripa Chess Open Fort Atacadista"]
[Site "Florianópolis - Santa Catari"]
[Date "2023.01.26"]
[Round "6.213"]
[White "Orlandi Neto, Aristides"]
[Black "Sombrio, Otto De Henrique"]
[Result "1-0"]
[WhiteElo "1684"]
[BlackElo "1239"]
[PlyCount "45"]
[EventDate "2023.01.23"]
[EventRounds "10"]
[EventCountry "BRA"]

1. e4 c5 2. Nf3 d6 3. g3 Nf6 4. d3 Nc6 5. Bg2 e6 6. O-O Be7 7. Re1 O-O 8. c3 d5
9. e5 Nd7 10. h4 b6 11. Bf4 Bb7 12. Nbd2 Rc8 13. Nf1 c4 14. d4 b5 15. Ne3 a5
16. Ng5 h6 17. Qh5 hxg5 18. hxg5 Re8 19. Bf3 Nf8 20. Kg2 Bc5 21. Rh1 Ng6 22.
dxc5 Nce7 23. Ng4 1-0

[Event "IX Floripa Chess Open Fort Atacadista"]
[Site "Florianópolis - Santa Catari"]
[Date "2023.01.26"]
[Round "6.214"]
[White "Rahn, Marlon Cristiano"]
[Black "Mayara Sibowicz, Giovanna"]
[Result "0-1"]
[WhiteElo "1226"]
[BlackElo "1528"]
[PlyCount "100"]
[EventDate "2023.01.23"]
[EventRounds "10"]
[EventCountry "BRA"]

1. c4 Nf6 2. g3 d6 3. Bg2 Nbd7 4. Nf3 e5 5. d3 Be7 6. Nc3 O-O 7. O-O h6 8. Bd2
Nh7 9. Qc1 f5 10. Nd5 Ndf6 11. Nxe7+ Qxe7 12. Bxh6 gxh6 13. Qxh6 Qg7 14. Qxg7+
Kxg7 15. b4 a6 16. a4 c6 17. c5 e4 18. dxe4 fxe4 19. Nd4 d5 20. e3 Ng5 21. h4
Ne6 22. Nf5+ Kf7 23. Nd6+ Ke7 24. Bh3 Ne8 25. Nxc8+ Rxc8 26. Rfc1 Rc7 27. Bf1
N8g7 28. Be2 Kd8 29. b5 cxb5 30. axb5 axb5 31. Ra8+ Ke7 32. Rxf8 Kxf8 33. Bxb5
Rxc5 34. Rxc5 Nxc5 35. g4 Ne8 36. Kg2 Nc7 37. Be2 b5 38. Bd1 b4 39. Bc2 b3 40.
Bb1 Nb5 41. f4 Na3 42. h5 Nxb1 43. h6 Kg8 44. g5 Nd7 45. f5 Ne5 46. g6 Nxg6 47.
fxg6 Nd2 48. Kg3 b2 49. Kg4 b1=Q 50. Kg5 Qb6 0-1

[Event "IX Floripa Chess Open Fort Atacadista"]
[Site "Florianópolis - Santa Catari"]
[Date "2023.01.26"]
[Round "6.215"]
[White "Orofino, Gabriel"]
[Black "Marcal Braganca, Joao Victor"]
[Result "1-0"]
[WhiteElo "1460"]
[BlackElo "1235"]
[PlyCount "107"]
[EventDate "2023.01.23"]
[EventRounds "10"]
[EventCountry "BRA"]

1. e4 e6 2. d4 d5 3. Nc3 Nf6 4. Bd3 c5 5. Bb5+ Nc6 6. e5 Nd7 7. Bxc6 bxc6 8. b3
cxd4 9. Qxd4 c5 10. Qf4 Bb7 11. Nf3 d4 12. Ne2 Bxf3 13. Qxf3 Nxe5 14. Qe4 Bd6
15. Bf4 Qa5+ 16. Bd2 Qd8 17. O-O O-O 18. f4 Ng4 19. c3 dxc3 20. Bxc3 Qb6 21. h3
c4+ 22. Bd4 Nf6 23. Qxa8 Rxa8 24. Bxb6 axb6 25. bxc4 Ne4 26. Rfd1 Bc5+ 27. Kh2
Nd6 28. Nc3 Nxc4 29. Rd7 g6 30. Rad1 Kg7 31. Rb7 Nd6 32. Rd7 Nc4 33. Ne4 Rxa2
34. Ng5 Rxg2+ 35. Kxg2 Ne3+ 36. Kf3 Nxd1 37. Rxd1 h6 38. Ne4 Bb4 39. Nd6 Kf6
40. Ke4 g5 41. Nc8 Bc5 42. Rb1 gxf4 43. Kxf4 e5+ 44. Ke4 Kg5 45. Nxb6 Bd4 46.
Rb5 f5+ 47. Kd3 Kh4 48. Nd7 Kxh3 49. Nxe5 Bxe5 50. Rxe5 Kg4 51. Ke3 f4+ 52. Kf2
h5 53. Re7 Kh3 54. Kf3 1-0

[Event "IX Floripa Chess Open Fort Atacadista"]
[Site "Florianópolis - Santa Catari"]
[Date "2023.01.26"]
[Round "6.216"]
[White "Telles, Arnoldo Beber"]
[Black "Ribeiro, Erica De Jesus"]
[Result "0-1"]
[WhiteElo "1060"]
[BlackElo "1445"]
[PlyCount "112"]
[EventDate "2023.01.23"]
[EventRounds "10"]
[EventCountry "BRA"]

1. d4 e6 2. c4 Nf6 3. Nc3 Bb4 4. a3 Bxc3+ 5. bxc3 Ne4 6. Qd3 f5 7. f3 Qh4+ 8.
g3 Nxg3 9. hxg3 Qxh1 10. Nh3 O-O 11. Bf4 h6 12. Rb1 g5 13. Kf2 gxf4 14. Nxf4 h5
15. Bg2 Qxb1 16. Qxb1 d6 17. Qh1 e5 18. dxe5 dxe5 19. Ng6 Rf7 20. Nxe5 Rh7 21.
f4 c6 22. Qd1 Nd7 23. Qd3 Nxe5 24. fxe5 Rd7 25. Qe3 Re7 26. Qg5+ Kf8 27. Qh6+
Ke8 28. Qxh5+ Kd8 29. Qh8+ Kc7 30. Qf6 Re6 31. Qxf5 Bd7 32. Ke3 Rae8 33. Ke4
R6e7 34. Qg5 c5 35. Bh3 Rxe5+ 36. Qxe5+ Rxe5+ 37. Kxe5 Bxh3 38. e4 Kd7 39. Kf4
Be6 40. g4 Bxc4 41. g5 b5 42. Kf3 a5 43. e5 b4 44. cxb4 cxb4 45. axb4 axb4 46.
Ke4 b3 47. Kd4 b2 48. g6 Be6 49. g7 b1=Q 50. g8=R Bxg8 51. e6+ Bxe6 52. Kc5 Qd1
53. Kb4 Qc1 54. Ka5 Qb1 55. Ka4 Kc6 56. Ka3 Qb3# 0-1

[Event "IX Floripa Chess Open Fort Atacadista"]
[Site "Florianópolis - Santa Catari"]
[Date "2023.01.26"]
[Round "6.218"]
[White "De Bortolo, Artur Mattos"]
[Black "Bernardo, Henrique Carvalho"]
[Result "1/2-1/2"]
[WhiteElo "1181"]
[BlackElo "1405"]
[PlyCount "47"]
[EventDate "2023.01.23"]
[EventRounds "10"]
[EventCountry "BRA"]

1. Nf3 c5 2. g3 Nc6 3. Bg2 g6 4. O-O Bg7 5. d3 e6 6. Nbd2 Nge7 7. e4 d5 8. Re1
O-O 9. c3 b6 10. e5 Bb7 11. Nf1 Nf5 12. Bf4 Rc8 13. Rc1 Ba6 14. Qd2 Qd7 15. g4
Nfe7 16. h4 d4 17. c4 Bb7 18. Bh6 Nb4 19. Bxg7 Kxg7 20. a3 Nbc6 21. Ng3 Na5 22.
Qf4 f6 23. Nd2 Bxg2 24. Kxg2 1/2-1/2

[Event "IX Floripa Chess Open Fort Atacadista"]
[Site "Florianópolis - Santa Catari"]
[Date "2023.01.26"]
[Round "6.219"]
[White "Mariani, Kim Paul"]
[Black "Bisconsin, Raul"]
[Result "1/2-1/2"]
[WhiteElo "1382"]
[BlackElo "1092"]
[PlyCount "36"]
[EventDate "2023.01.23"]
[EventRounds "10"]
[EventCountry "BRA"]

1. e4 e5 2. Nf3 Nc6 3. Bc4 Bc5 4. c3 Nf6 5. d4 exd4 6. cxd4 Bb4+ 7. Nc3 Nxe4 8.
O-O Bxc3 9. bxc3 d5 10. Re1 O-O 11. Qc2 Re8 12. Bd3 Bf5 13. Bf4 a6 14. c4 Nb4
15. Qb3 Nxd3 16. Qxd3 Nd6 17. Rxe8+ Qxe8 18. Qb3 dxc4 1/2-1/2

[Event "IX Floripa Chess Open Fort Atacadista"]
[Site "Florianópolis - Santa Catari"]
[Date "2023.01.26"]
[Round "6.220"]
[White "De Bortolo, Paulo Ricardo"]
[Black "Do Amaral E Silva, Larissa Blue"]
[Result "1-0"]
[WhiteElo "1800"]
[BlackElo "1378"]
[PlyCount "101"]
[EventDate "2023.01.23"]
[EventRounds "10"]
[EventCountry "BRA"]

1. e4 e5 2. Nf3 Nc6 3. Bb5 a6 4. Ba4 Bc5 5. O-O Nf6 6. d3 b5 7. Bb3 d6 8. h3
O-O 9. c3 Be6 10. Bc2 h6 11. d4 exd4 12. cxd4 Bc4 13. Re1 Bb4 14. Bd2 Bxd2 15.
Qxd2 Ne7 16. d5 b4 17. b3 Bb5 18. Qxb4 c5 19. Qd2 Ng6 20. Nc3 Re8 21. Nxb5 axb5
22. Bd3 b4 23. Qc2 Ne5 24. Nxe5 Rxe5 25. f4 Rh5 26. Qe2 Nxd5 27. Qxh5 Nxf4 28.
Qf3 g5 29. Bc4 Kg7 30. Kh2 Qe7 31. Rf1 Qe5 32. g3 Qb2+ 33. Qf2 Qxf2+ 34. Rxf2
Ne6 35. Raf1 Ra7 36. Bxe6 fxe6 37. Rd1 Rd7 38. g4 Rd8 39. Kg3 Rd7 40. Rf3 Rd8
41. Rfd3 d5 42. exd5 e5 43. d6 Rd7 44. Re3 Kf6 45. Rd5 Rd8 46. Rexe5 Rxd6 47.
Rxd6+ Kxe5 48. Rxh6 Kd4 49. h4 Kc3 50. hxg5 Kb2 51. Ra6 1-0

[Event "IX Floripa Chess Open Fort Atacadista"]
[Site "Florianópolis - Santa Catari"]
[Date "2023.01.26"]
[Round "6.221"]
[White "Rodriguez, Emiliano"]
[Black "Duarte, Giovanna Torqui"]
[Result "1-0"]
[WhiteElo "1364"]
[BlackElo "1040"]
[PlyCount "123"]
[EventDate "2023.01.23"]
[EventRounds "10"]
[EventCountry "BRA"]

1. e4 c5 2. Nc3 b6 3. g3 Bb7 4. Bg2 g6 5. d3 Bg7 6. f4 d6 7. Nf3 Nd7 8. O-O e6
9. g4 Ne7 10. Nb5 Nf6 11. g5 Nh5 12. Nh4 a6 13. Nc3 Bd4+ 14. Kh1 O-O 15. f5
exf5 16. exf5 Bxg2+ 17. Kxg2 Qd7 18. f6 Qc6+ 19. Qf3 Qxf3+ 20. Nxf3 Nf5 21.
Nxd4 Nxd4 22. Rf2 Rfe8 23. b3 b5 24. Bb2 Re5 25. h4 Re3 26. Ne4 Rd8 27. Bxd4
cxd4 28. Raf1 d5 29. Nd2 Rc8 30. Nf3 Nf4+ 31. Kg3 Ne6 32. Kg4 Kf8 33. Nh2 Rc3
34. h5 gxh5+ 35. Kxh5 Nc5 36. Nf3 Ne6 37. Kg4 Ke8 38. Rh1 Nf8 39. Nxd4 Kd7 40.
Rf5 Kd6 41. Rf2 Kc5 42. Nf5 Kb4 43. Nxe3 Rc5 44. Rf5 Ka3 45. Rxd5 Rxd5 46. Nxd5
a5 47. Rh2 Kxa2 48. Nc7 b4 49. Nb5 Kb2 50. Nd6 Kc3 51. Nxf7 Kb2 52. Kf5 Kc3 53.
Ne5 Kb2 54. g6 hxg6+ 55. Nxg6 Nd7 56. f7 Kc3 57. f8=Q Nxf8 58. Nxf8 Kd4 59. Nd7
Kc3 60. Ke4 Kb2 61. Nc5 Kc3 62. Na4# 1-0

[Event "IX Floripa Chess Open Fort Atacadista"]
[Site "Florianópolis - Santa Catari"]
[Date "2023.01.26"]
[Round "6.222"]
[White "Motta, Agahta Dos Santos"]
[Black "Grams, Leon Honke"]
[Result "1/2-1/2"]
[WhiteElo "1704"]
[BlackElo "1361"]
[PlyCount "57"]
[EventDate "2023.01.23"]
[EventRounds "10"]
[EventCountry "BRA"]

1. d4 d5 2. c4 c6 3. Nc3 Nf6 4. cxd5 cxd5 5. Nf3 Nc6 6. g3 g6 7. Bg2 Bg7 8. O-O
O-O 9. Bf4 Nh5 10. Be3 f5 11. Ne1 e6 12. Nc2 a6 13. Qd2 Qd6 14. h3 f4 15. Bxf4
Nxf4 16. gxf4 Rxf4 17. e3 Rf7 18. Ne2 Bf6 19. f4 b5 20. Rac1 Bb7 21. Kh1 e5 22.
Rg1 Ne7 23. Bf3 Nf5 24. Ne1 b4 25. Nd3 Bg7 26. Nxe5 Bxe5 27. dxe5 Qd7 28. Kh2
Rd8 29. Nd4 1/2-1/2

[Event "IX Floripa Chess Open Fort Atacadista"]
[Site "Florianópolis - Santa Catari"]
[Date "2023.01.26"]
[Round "6.223"]
[White "Fernandes, Beatriz"]
[Black "Nunes, Nicole"]
[Result "1-0"]
[WhiteElo "1359"]
[BlackElo "1014"]
[PlyCount "49"]
[EventDate "2023.01.23"]
[EventRounds "10"]
[EventCountry "BRA"]

1. e4 c5 2. d4 cxd4 3. c3 dxc3 4. Nxc3 Nc6 5. Nf3 g6 6. Bc4 Bg7 7. O-O d6 8. h3
Nf6 9. e5 dxe5 10. Qxd8+ Nxd8 11. Nxe5 O-O 12. Bg5 Nc6 13. Nxc6 bxc6 14. Rfe1
e6 15. Rab1 a5 16. Na4 Ba6 17. Bxa6 Rxa6 18. Nc5 Rb6 19. Bxf6 Bxf6 20. Nd7 Rxb2
21. Nxf6+ Kh8 22. Rxb2 c5 23. Nd7 Rc8 24. Rb8 Rxb8 25. Nxb8 1-0